Statistics for Rhymes With Hot

Click here to take the quiz!

General Stats

  • This quiz has been taken 228 times
  • The average score is 12 of 20

Answer Stats

HintAnswer% Correct
JJot
84%
CClot
82%
SSlot
82%
BBlot
79%
SShot
78%
PPlot
77%
SSpot
77%
SSnot
68%
YYacht
65%
FFought
52%
BBought
51%
OOught
50%
SSwat
49%
KKnot
48%
BBrought
47%
CCaught
47%
TThought
42%
WWatt
39%
FFraught
32%
SSquat
31%

Score Distribution

Percentile by Number Answered

Percent of People with Each Score

Your Score History

You have not taken this quiz